书目信息 |
| 题名: |
建设工程计价
|
|
| 作者: | 柯洪 , 吴绍艳 主编 | |
| 分册: | 下册 九套模拟 | |
| 出版信息: | 北京 中国建筑工业出版社 2024 |
|
| 页数: | 2册(437页) | |
| 开本: | 26cm | |
| 丛书名: | 全国一级造价工程师职业资格考试十年真题·九套模拟/柯洪主编 2024版 | |
| 单 册: | ||
| 中图分类: | TU723.32 | |
| 科图分类: | ||
| 主题词: | 建筑造价--工程造价--资格考试--习题集 | |
| 电子资源: | ||
| ISBN: | 978-7-5074-3707-2 | |
| 000 | 01221nam0 2200277 450 | |
| 001 | 012986980 | |
| 005 | 20240729162411.0 | |
| 010 | @a978-7-5074-3707-2@dCNY39.00 | |
| 100 | @a20240624d2024 em y0chiy0120 ea | |
| 101 | 0 | @achi |
| 102 | @aCN@b110000 | |
| 105 | @ay q 000yy | |
| 106 | @ar | |
| 200 | 1 | @a建设工程计价@9jian she gong cheng ji jia@f柯洪,吴绍艳主编@h下册@i九套模拟 |
| 210 | @a北京@c中国建筑工业出版社@c中国城市出版社@d2024 | |
| 215 | @a2册(437页)@d26cm | |
| 225 | @a全国一级造价工程师职业资格考试十年真题·九套模拟/柯洪主编 2024版 | |
| 300 | @a全国一级造价工程师职业资格考试十年真题·九套模拟/柯洪主编 2024版 | |
| 330 | @a本书上册为“十年真题”共六章,内容包括:建设工程造价构成;建设工程计价原理、方法及计价依据;建设项目决策和设计阶段工程造价的预测;建设项目发承包阶段合同价款的约定;建设项目施工阶段合同价款的调整和结算;建设项目竣工决算和新增资产价值的确定。下册为“九套模拟”,包含九套模拟试题和答案与解析。 | |
| 586 | @a | |
| 606 | 0 | @a建筑造价@x工程造价@x资格考试@j习题集 |
| 690 | @aTU723.32@v5 | |
| 701 | 0 | @a柯洪@9ke hong@f(1974~)@4主编 |
| 701 | 0 | @a吴绍艳@9wu shao yan@c(项目管理,@f1979~)@4主编 |
| 801 | 0 | @aCN@c20240806 |
| 905 | @dTU723.32@eK372-2:2@f1@sTU723.32/K372-2:2@S@Z | |
| 建设工程计价/柯洪,吴绍艳主编.下册.九套模拟.-北京:中国建筑工业出版社:中国城市出版社,2024 |
| 2册(437页);26cm.-(全国一级造价工程师职业资格考试十年真题·九套模拟/柯洪主编 2024版) |
| 全国一级造价工程师职业资格考试十年真题·九套模拟/柯洪主编 2024版 |
| ISBN 978-7-5074-3707-2:CNY39.00 |
| 本书上册为“十年真题”共六章,内容包括:建设工程造价构成;建设工程计价原理、方法及计价依据;建设项目决策和设计阶段工程造价的预测;建设项目发承包阶段合同价款的约定;建设项目施工阶段合同价款的调整和结算;建设项目竣工决算和新增资产价值的确定。下册为“九套模拟”,包含九套模拟试题和答案与解析。 |
| ● |
| 相关链接 |
|
|
|
正题名:建设工程计价
索取号:TU723.32/K372-2:2
 
预约/预借
| 序号 | 登录号 | 条形码 | 馆藏地/架位号 | 状态 | 备注 |
| 1 | 21618968 | 216189684 | 建筑库201/201建筑库 106排4列4层/ [索取号:TU723.32/K372-2:2] | 在馆 |